00693nam a22001697a 4500003000900000008004100009040007100050082002300121100002300144245004700167260003900214300002800253505019500281650001600476650001200492650001900504AR-CdUCM190325b ||||| |||| 00| 0 spa d aMUNICIPALIDAD PROVINCIAL DEL CUSCOcBIBLIOTECA MUNICIPAL DEL CUSCO 25ed.a020.7 /bC74 aCónsole, Alfredo aHagamos del bibliotecario un profesional / aBuenos Aires :bImp. Lopez,c1943. a207 páginas ;c18 cm. aContenido : Palabras preliminares -- Bibliotecarios y empleados de biblioteca -- Los concursos bibliotecarios -- La biblioteca y la farmacia -- }¿Que leen los empleados de la biblioteca?... aBiblioteca  aManual  aBibliotecario